Paseando con animales prehistóricos : nuevo amanecer = Walking with Beasts : New Dawn /

保存先:
書誌詳細
第一著者: James, Jasper (prod. de la serie)
その他の著者: Haines, Tim (producción ejecutiva) (producción ejecutiva), Howarth, John (fotógrafo) (fotógrafo), Thorn, Peter (fotógrafo) (fotógrafo), Wilks, Andrew (montaje) (montaje), Bartlett, Ben (música) (música), Branagh, Kenneth (conducción) (conducción), Paterson, Nigel (producción) (producción), Paterson, Nigel (dirección) (dirección), Pitts, Michael (fotógrafo) (fotógrafo)
フォーマット: スライド
言語:英語
出版事項: Inglaterra : BBC, 2001, c2001
México : Tycoon [dist.], copyright fecha no identificada
シリーズ:(Paseando con Animales Prehistóricos ; 1)
(Walking with Beasts ; 1)
主題:
タグ: タグ追加
タグなし, このレコードへの初めてのタグを付けませんか!

MARC

LEADER 00000ngm^a2200000^a^4500
001 000184567
005 20250521000000.0
009 20260310102119.638
037 |a Acervo ITESO - Biblioteca 
041 |a ING 
082 |a 569.  |b PAS V. 1 
100 |a James, Jasper  |e (prod. de la serie) 
240 1 1 |a [Paseando con animales prehistóricos] 
240 1 1 |a [Walking with Beasts] 
245 1 0 |a Paseando con animales prehistóricos :  |b nuevo amanecer = Walking with Beasts : New Dawn /  |c Prod. de la serie de J. James ; prod. ejecutiva de T. Haines. 
246 2 |a Título alternativo en español (Argentina): Caminando con bestias prehistóricas: nuevo amanecer 
246 2 |a Título alternativo en español (Argentina): Caminando con criaturas prehistóricas: nuevo amanecer 
246 2 |a Título alternativo en español (Argentina): Caminando con bestias prehistóricas: ballena asesina 
246 2 |a Título alternativo en español (Argentina): Caminando con criaturas prehistóricas: ballena asesina 
246 2 |a Título en la pantalla: Caminando con animales prehistóricos: nuevo amanecer 
246 2 |a Título en la pantalla: Caminando con animales prehistóricos: ballena asesina 
264 4 |a Inglaterra :  |b BBC,  |c 2001, c2001 
264 4 |a México :  |b Tycoon [dist.],  |c copyright fecha no identificada 
300 |a 1 DVD sin dato de región  |c (29, 29 min.) 
336 |a imagen móvil bidimensional  |b tdi  |2 rdacontenido 
337 |a video  |b v  |2 rdamedio 
338 |a videodisco  |b vd  |2 rdasoporte 
440 1 |a (Paseando con Animales Prehistóricos ;  |v 1) 
440 1 |a (Walking with Beasts ;  |v 1) 
546 |a En inglés, con subtítulos opcionales: español 
546 |a Doblaje opcional: español 
649 |a XX 
650 |a Mamíferos Fósiles 
650 |a Animales Extintos –  |z Alemania 
650 |a Animales Extintos –  |z Pakistán 
650 |a Animales Extintos –  |z Asia Central 
650 |a Mamíferos Marinos 
650 |a Mamíferos 
650 |a Fauna Marina 
650 |a Aves 
650 |a Vertebrados 
650 |a Animales Predatores 
650 |a Paleontología 
650 |a Zoología 
650 |a Paleobiología 
650 |a Biología 
650 |a Historia Natural -  |z Alemania 
650 |a Historia Natural -  |z Pakistán 
650 |a Historia Natural -  |z Asia Central 
740 0 |a Paseando con animales prehistóricos :  |b ballena asesina = Walking with Beasts : Whale Killer /  |c Prod. de la serie de J. James ; prod. ejecutiva de T. Haines ; prod. y dir. de N. Paterson. 
700 |a Haines, Tim  |e (producción ejecutiva) 
700 |a Howarth, John  |e (fotógrafo) 
700 |a Thorn, Peter  |e (fotógrafo) 
700 |a Wilks, Andrew  |e (montaje) 
700 |a Bartlett, Ben  |e (música) 
700 |a Branagh, Kenneth  |e (conducción) 
700 |a Paterson, Nigel  |e (producción) 
700 |a Paterson, Nigel  |e (dirección) 
700 |a Pitts, Michael  |e (fotógrafo) 
910 |a Fondo General 
920 |a Audiovisuales - DVDs 
905 |a 302 
901 |a 0500108524  |b IT2  |c DVS  |u 20250521 
902 |a https://opac.biblio.iteso.mx/vufind/Record/000184567